Statistiche per Regioni italiane più collinari

Clicka qui per fare il quiz!

Statistiche generali

  • Questo quiz è stato fatto 18 volte
  • Il punteggio medio è 9 su 9

Statistiche sulle risposte

Territorio collinare (%)Regione% Corretto
54,0Lazio
100%
67,9Sardegna
100%
61,4Sicilia
100%
66,5Toscana
100%
50,8Campania
94%
69,0Marche
94%
45,3Puglia
94%
70,7Umbria
94%
49,2Calabria
89%

Distribuzione punteggi

Percentile per numero di risposta

Percentuale di utenti per punteggio

I tuoi punteggi nel tempo

Non hai fatto questo quiz